Guess the Taylor Swift Song by Synonym - Vol 1 - Statistics

General Stats
  • This quiz has been taken 112 times
  • The average score is 12 of 18
Answer Stats
Hint Answer % Correct
Remain Remain Remain Stay Stay Stay
89%
I Suppose He's Aware I Think He Knows
86%
I Committed a Wrong I Did Something Bad
83%
January First Morning New Year's Day
83%
The Bowman The Archer
83%
Sir Emotionally Misleading Mr. Perfectly Fine
82%
Melancholy Lovely Disaster Sad Beautiful Tragic
80%
The Manner I Felt for You The Way I Loved You
77%
Pleasant to Possess a Companion It's Nice to Have a Friend
74%
Just Remaining Was Enough All You Had to Do Was Stay
65%
Unseen Invisible
65%
Final Chance The Last Time
65%
Enter Alongside the Storm Come In With the Rain
61%
Emotionally Washed Clean
56%
Fading Light Afterglow
54%
Brooklyn Boardwalk Coney Island
46%
Beyond the Circle The Outside
43%
You're Feeling It You Are in Love
38%
No matching quizzes found
Score Distribution
Percent of People with Each Score
Percentile by Number Answered
Your Score History
You have not taken this quiz